| 000 | 01738nam2a22002411 4500 | ||
|---|---|---|---|
| 001 | rc\2195877 | ||
| 005 | 20250623001147.0 | ||
| 035 | _a(NLR Aleph) 006485763 | ||
| 090 |
_a6080529 _c6080529 |
||
| 100 | _a20110829d1979 |||y0rusy50 ca | ||
| 101 | 0 | _arus | |
| 102 | _aRU | ||
| 105 | _ay z ||||| | ||
| 200 | 1 | _aЛесосечные работы | |
| 210 |
_d1979 _aБ. м. |
||
| 215 | _a140 с. | ||
| 320 | _aБиблиогр.: с. 4 | ||
| 461 | 0 |
_1001rc\2195876 _12001#$aМетодическое пособие по подготовке к сдаче кандидатского экзамена по немецкому языку для аспирантов-заочников и соискателей-инженеров лесной промышленности$fМ-во лесн. и деревообраб. пром-сти СССР, Центр. н.-и. и проект.-конструкт. ин-т механизации и энергетики лесн. пром-сти (ЦНИИМЭ)$g[Отв. исполн. преп. Глазова К.С.]$vЧ. 3 _96080524 _cХимки _d1979 _fМ-во лесн. и деревообраб. пром-сти СССР, Центр. н.-и. и проект.-конструкт. ин-т механизации и энергетики лесн. пром-сти (ЦНИИМЭ) _nОНТИ _tМетодическое пособие по подготовке к сдаче кандидатского экзамена по немецкому языку для аспирантов-заочников и соискателей-инженеров лесной промышленности _vЧ. 3 |
|
| 801 | 0 |
_aRU _bNLR _gpsbo |
|
| 801 | 1 |
_aRU _bELAR _2rusmarc |
|
| 852 |
_aNLR _j84-3/10816 |
||
| 942 | _cBOOK | ||
| 980 | _aNB | ||